00468nam a2200145Ia 4500008004100000020001800041041000800059082001500067100004100082245011100123250000600234260004100240300001400281650002700295210716s2019 xx 000 0 und d a9788126556397 aeng a651.7 CHAG aChauhan, Gajendra; Sharma, Sangeeta. aSoft skills: an integrated approach to maximise personality.bIntegrated approach to maximise personality. a1 aNew DelhibWiley India Pvt Ltdc2019 axxiii,244 aBusiness Communication